[Event "World Chess Olympiad 2018"]
[Site "Batumi"]
[Date "2018.10.05"]
[Round "11"]
[Board "2"]
[WhiteFideId "8602425"]
[White "Gong Qianyun"]
[BlackFideId "13608207"]
[Black "Oboladze Luka"]
[Result "1-0"]
[LiveChessVersion "1.4.8"]
[BlackElo "2340"]
[WhiteElo "2321"]

1. e4 {[%clk 1:30:56]} c5 {[%clk 1:30:54]} 2. Nf3 {[%clk 1:31:20]} Nc6
{[%clk 1:31:19]} 3. Bb5 {[%clk 1:31:34]} e6 {[%clk 1:31:43]} 4. O-O
{[%clk 1:30:36]} Nge7 {[%clk 1:32:07]} 5. Ba4 {[%clk 1:29:41]} a6
{[%clk 1:32:01]} 6. c4 {[%clk 1:25:38]} Ng6 {[%clk 1:24:36]} 7. d4
{[%clk 1:23:10]} cxd4 {[%clk 1:24:59]} 8. Nxd4 {[%clk 1:23:23]} Qc7
{[%clk 1:21:56]} 9. Be3 {[%clk 1:13:41]} Nxd4 {[%clk 1:16:30]} 10. Bxd4
{[%clk 1:08:37]} Bd6 {[%clk 1:14:47]} 11. g3 {[%clk 1:07:54]} O-O
{[%clk 1:12:38]} 12. Nd2 {[%clk 1:04:44]} b6 {[%clk 1:11:05]} 13. Rc1
{[%clk 1:04:02]} Bb7 {[%clk 1:09:16]} 14. c5 {[%clk 0:51:17]} bxc5
{[%clk 1:07:29]} 15. b4 {[%clk 0:51:18]} f5 {[%clk 0:52:02]} 16. Bxc5
{[%clk 0:46:02]} Bxc5 {[%clk 0:50:51]} 17. Rxc5 {[%clk 0:46:01]} Qd8
{[%clk 0:49:21]} 18. exf5 {[%clk 0:45:28]} d6 {[%clk 0:49:12]} 19. Ra5
{[%clk 0:44:08]} exf5 {[%clk 0:42:16]} 20. Bb3+ {[%clk 0:44:10]} Kh8
{[%clk 0:39:36]} 21. Nf3 {[%clk 0:43:32]} Qf6 {[%clk 0:34:17]} 22. Bd5
{[%clk 0:32:57]} Bxd5 {[%clk 0:33:25]} 23. Rxd5 {[%clk 0:33:22]} Rfd8
{[%clk 0:30:58]} 24. Qd4 {[%clk 0:30:31]} Qxd4 {[%clk 0:28:54]} 25. Nxd4
{[%clk 0:30:54]} Ne7 {[%clk 0:26:08]} 26. Ra5 {[%clk 0:31:17]} Kg8
{[%clk 0:18:33]} 27. Re1 {[%clk 0:29:40]} Kf7 {[%clk 0:17:34]} 28. Rxe7+
{[%clk 0:28:23]} Kxe7 {[%clk 0:17:58]} 29. Nc6+ {[%clk 0:28:51]} Kd7
{[%clk 0:17:13]} 30. Nxd8 {[%clk 0:29:17]} Kxd8 {[%clk 0:17:18]} 31. Rxf5
{[%clk 0:29:32]} Ke7 {[%clk 0:16:45]} 32. Ra5 {[%clk 0:29:34]} Rb8
{[%clk 0:17:09]} 33. a3 {[%clk 0:29:55]} Rb6 {[%clk 0:17:35]} 34. f4
{[%clk 0:29:57]} Ke6 {[%clk 0:16:33]} 35. Kf2 {[%clk 0:27:47]} g6
{[%clk 0:16:20]} 36. Ke3 {[%clk 0:28:05]} Rc6 {[%clk 0:16:15]} 37. g4
{[%clk 0:25:45]} Kf6 {[%clk 0:15:34]} 38. Kd4 {[%clk 0:25:57]} Ke6
{[%clk 0:15:55]} 39. h4 {[%clk 0:25:55]} Kf6 {[%clk 0:15:49]} 40. h5
{[%clk 0:54:24]} Ke6 {[%clk 0:45:44]} 41. h6 {[%clk 0:46:45]} Rb6
{[%clk 0:44:08]} 42. g5 {[%clk 0:41:11]} Rc6 {[%clk 0:44:01]} 43. a4
{[%clk 0:41:20]} Rb6 {[%clk 0:43:58]} 44. b5 {[%clk 0:41:07]} axb5
{[%clk 0:44:23]} 45. Rxb5 {[%clk 0:41:32]} Ra6 {[%clk 0:44:49]} 46. a5
{[%clk 0:41:50]} Ra7 {[%clk 0:44:58]} 47. Ke4 {[%clk 0:41:27]} Ra6
{[%clk 0:42:36]} 48. Kf3 {[%clk 0:35:51]} Ra7 {[%clk 0:42:40]} 49. Kg4
{[%clk 0:36:10]} Kd7 {[%clk 0:42:17]} 50. f5 {[%clk 0:34:18]} gxf5+
{[%clk 0:42:07]} 51. Rxf5 {[%clk 0:30:37]} Ke6 {[%clk 0:42:07]} 52. Rb5
{[%clk 0:30:56]} Ke7 {[%clk 0:39:02]} 53. a6 {[%clk 0:27:40]} Rxa6
{[%clk 0:38:58]} 54. Rb7+ {[%clk 0:28:07]} Ke6 {[%clk 0:37:40]} 55. Rxh7
{[%clk 0:28:27]} Ra1 {[%clk 0:37:11]} 56. Kh5 {[%clk 0:28:26]} d5
{[%clk 0:37:13]} 57. Rb7 {[%clk 0:26:19]} d4 {[%clk 0:36:15]} 58. h7
{[%clk 0:25:46]} d3 {[%clk 0:36:26]} 59. Kg6 {[%clk 0:25:57]} 1-0

[Event "World Chess Olympiad 2018"]
[Site "Batumi"]
[Date "2018.10.05"]
[Round "11"]
[Board "3"]
[WhiteFideId "13611216"]
[White "Petriashvili Nikoloz"]
[BlackFideId "5804167"]
[Black "Lee Qing Aun"]
[Result "1/2-1/2"]
[LiveChessVersion "1.4.8"]
[BlackElo "2297"]
[WhiteElo "2343"]

1. d4 {[%clk 1:30:58]} d5 {[%clk 1:30:00]} 2. Nf3 {[%clk 1:31:23]} Nf6
{[%clk 1:30:16]} 3. c4 {[%clk 1:31:48]} e6 {[%clk 1:30:39]} 4. Nc3
{[%clk 1:32:10]} Be7 {[%clk 1:30:53]} 5. Bf4 {[%clk 1:29:52]} O-O
{[%clk 1:30:55]} 6. e3 {[%clk 1:30:18]} Nbd7 {[%clk 1:31:06]} 7. Rc1
{[%clk 1:27:36]} c5 {[%clk 1:31:01]} 8. dxc5 {[%clk 1:23:40]} Nxc5
{[%clk 1:30:15]} 9. Be2 {[%clk 1:21:53]} dxc4 {[%clk 1:20:08]} 10. Bxc4
{[%clk 1:22:07]} a6 {[%clk 1:17:49]} 11. Ne5 {[%clk 1:11:48]} b5 {[%clk 1:03:11]}
12. Nc6 {[%clk 1:08:04]} Qxd1+ {[%clk 1:02:07]} 13. Nxd1 {[%clk 1:07:07]} bxc4
{[%clk 1:02:29]} 14. Nxe7+ {[%clk 1:07:33]} Kh8 {[%clk 1:02:54]} 15. Rxc4
{[%clk 0:48:28]} Nd3+ {[%clk 1:02:43]} 16. Ke2 {[%clk 0:46:28]} Nxf4+
{[%clk 1:03:06]} 17. exf4 {[%clk 0:45:46]} Bd7 {[%clk 1:02:55]} 18. Nc3
{[%clk 0:45:56]} Rab8 {[%clk 1:02:31]} 19. b3 {[%clk 0:38:01]} Rb6
{[%clk 1:00:49]} 20. Rd1 {[%clk 0:38:11]} Re8 {[%clk 0:57:54]} 21. Rxd7
{[%clk 0:34:42]} Nxd7 {[%clk 0:58:23]} 22. Nc8 {[%clk 0:35:05]} Rb8
{[%clk 0:58:24]} 23. Nd6 {[%clk 0:35:29]} Rf8 {[%clk 0:58:43]} 24. Rc7
{[%clk 0:34:58]} Nb6 {[%clk 0:56:49]} 25. Nxf7+ {[%clk 0:32:11]} Kg8
{[%clk 0:57:11]} 26. Ng5 {[%clk 0:31:36]} Rxf4 {[%clk 0:54:57]} 27. Rxg7+
{[%clk 0:31:01]} Kxg7 {[%clk 0:46:12]} 28. Nxe6+ {[%clk 0:29:59]} Kf6
{[%clk 0:46:41]} 29. Nxf4 {[%clk 0:30:14]} Re8+ {[%clk 0:46:56]} 30. Kf3
{[%clk 0:28:19]} Ke5 {[%clk 0:46:13]} 31. h4 {[%clk 0:27:15]} Nd7
{[%clk 0:43:46]} 32. Nfe2 {[%clk 0:24:56]} Nc5 {[%clk 0:42:29]} 33. g4
{[%clk 0:25:10]} Rd8 {[%clk 0:39:45]} 34. Kg2 {[%clk 0:24:35]} Ne6
{[%clk 0:39:38]} 35. Kg3 {[%clk 0:17:57]} Rd3+ {[%clk 0:38:17]} 36. f3
{[%clk 0:18:23]} Nd4 {[%clk 0:35:01]} 37. Nxd4 {[%clk 0:18:46]} Rxc3
{[%clk 0:35:23]} 38. Nf5 {[%clk 0:18:44]} Rc2 {[%clk 0:35:30]} 39. f4+
{[%clk 0:19:04]} Ke4 {[%clk 0:35:34]} 40. Nd6+ {[%clk 0:48:35]} Kd5
{[%clk 1:04:40]} 41. Ne8 {[%clk 0:47:43]} Rc3+ {[%clk 0:47:26]} 42. Kf2
{[%clk 0:45:11]} Ke6 {[%clk 0:43:13]} 43. f5+ {[%clk 0:44:19]} Ke7
{[%clk 0:41:14]} 44. Ng7 {[%clk 0:44:39]} Rh3 {[%clk 0:35:18]} 45. Ne6
{[%clk 0:41:06]} Rxh4 {[%clk 0:28:45]} 46. Kg3 {[%clk 0:41:28]} Rh1
{[%clk 0:29:11]} 47. a4 {[%clk 0:40:30]} Rb1 {[%clk 0:27:36]} 48. Nc5
{[%clk 0:40:33]} Rc1 {[%clk 0:27:51]} 49. Nxa6 {[%clk 0:38:15]} Rc3+
{[%clk 0:28:16]} 50. Kh4 {[%clk 0:35:44]} Rxb3 {[%clk 0:28:44]} 51. Nc5
{[%clk 0:35:55]} Rc3 {[%clk 0:26:34]} 52. Ne6 {[%clk 0:36:12]} Ra3
{[%clk 0:26:54]} 53. Nc5 {[%clk 0:35:40]} Rc3 {[%clk 0:27:19]} 1/2-1/2

[Event "World Chess Olympiad 2018"]
[Site "Batumi"]
[Date "2018.10.05"]
[Round "11"]
[Board "4"]
[WhiteFideId "5804809"]
[White "Lee Jun Wei"]
[BlackFideId "13602799"]
[Black "Sibashvili Giorgi"]
[Result "0-1"]
[LiveChessVersion "1.4.8"]
[BlackElo "2425"]
[WhiteElo "2134"]

1. d4 {[%clk 1:30:57]} Nf6 {[%clk 1:30:52]} 2. Nf3 {[%clk 1:31:11]} d5
{[%clk 1:31:09]} 3. c4 {[%clk 1:31:15]} e6 {[%clk 1:31:27]} 4. g3
{[%clk 1:31:17]} Bb4+ {[%clk 1:29:57]} 5. Bd2 {[%clk 1:30:51]} Bd6
{[%clk 1:30:16]} 6. Bg2 {[%clk 1:30:20]} Nbd7 {[%clk 1:29:45]} 7. O-O
{[%clk 1:22:44]} c6 {[%clk 1:29:43]} 8. Nc3 {[%clk 1:15:32]} dxc4
{[%clk 1:25:36]} 9. Bg5 {[%clk 1:13:01]} O-O {[%clk 1:18:42]} 10. Qc2
{[%clk 1:10:38]} h6 {[%clk 1:14:59]} 11. Bxf6 {[%clk 1:09:48]} Nxf6
{[%clk 1:15:18]} 12. e4 {[%clk 1:08:24]} Be7 {[%clk 1:12:06]} 13. Rfd1
{[%clk 1:03:23]} b5 {[%clk 1:09:17]} 14. a4 {[%clk 0:56:49]} Rb8 {[%clk 0:55:28]}
15. Ne5 {[%clk 0:46:39]} Qc7 {[%clk 0:54:48]} 16. Rac1 {[%clk 0:43:40]} a6
{[%clk 0:51:08]} 17. f4 {[%clk 0:40:06]} Bb7 {[%clk 0:50:07]} 18. axb5
{[%clk 0:32:24]} cxb5 {[%clk 0:48:31]} 19. b3 {[%clk 0:32:46]} b4
{[%clk 0:46:47]} 20. Na4 {[%clk 0:29:29]} c3 {[%clk 0:47:04]} 21. Qe2
{[%clk 0:29:21]} Rfd8 {[%clk 0:45:09]} 22. Kh1 {[%clk 0:27:57]} Ba8
{[%clk 0:40:14]} 23. Qe3 {[%clk 0:22:43]} Qb7 {[%clk 0:35:54]} 24. Re1
{[%clk 0:22:19]} Qa7 {[%clk 0:35:30]} 25. Rcd1 {[%clk 0:21:07]} Rbc8
{[%clk 0:34:43]} 26. Nc4 {[%clk 0:20:10]} Rb8 {[%clk 0:26:53]} 27. Ne5
{[%clk 0:16:23]} Nd7 {[%clk 0:26:17]} 28. Nd3 {[%clk 0:10:55]} Bc6
{[%clk 0:25:49]} 29. f5 {[%clk 0:11:17]} exf5 {[%clk 0:25:02]} 30. e5
{[%clk 0:11:13]} Bg5 {[%clk 0:19:47]} 31. Nf4 {[%clk 0:10:09]} Bxa4
{[%clk 0:19:09]} 32. bxa4 {[%clk 0:09:41]} c2 {[%clk 0:18:55]} 33. Rd3
{[%clk 0:07:21]} Rdc8 {[%clk 0:12:34]} 34. Bd5 {[%clk 0:05:52]} Nxe5
{[%clk 0:12:16]} 35. Qxe5 {[%clk 0:05:51]} c1=Q {[%clk 0:12:29]} 36. Rxc1
{[%clk 0:06:20]} Rxc1+ {[%clk 0:12:50]} 37. Kg2 {[%clk 0:06:48]} Rc2+
{[%clk 0:11:55]} 38. Kh3 {[%clk 0:06:24]} Bxf4 {[%clk 0:11:10]} 39. Qxf4
{[%clk 0:06:41]} Rd8 {[%clk 0:11:05]} 0-1

[Event "World Chess Olympiad 2018"]
[Site "Batumi"]
[Date "2018.10.05"]
[Round "11"]
[Board "1"]
[WhiteFideId "6900224"]
[White "De La Riva Aguado Oscar"]
[BlackFideId "14114496"]
[Black "Yarmonov Igor"]
[Result "0-1"]
[LiveChessVersion "1.4.8"]
[BlackElo "2376"]
[WhiteElo "2475"]

1. e4 {[%clk 1:30:47]} c6 {[%clk 1:30:21]} 2. Nc3 {[%clk 1:30:47]} d5
{[%clk 1:30:45]} 3. Nf3 {[%clk 1:30:59]} dxe4 {[%clk 1:24:28]} 4. Nxe4
{[%clk 1:31:12]} Nf6 {[%clk 1:24:04]} 5. Ng3 {[%clk 1:30:40]} e6 {[%clk 1:15:01]}
6. d4 {[%clk 1:29:21]} Be7 {[%clk 1:15:02]} 7. Bd3 {[%clk 1:18:27]} Nbd7
{[%clk 1:13:44]} 8. O-O {[%clk 1:18:29]} O-O {[%clk 1:14:06]} 9. Qe2
{[%clk 1:12:33]} c5 {[%clk 1:07:40]} 10. Rd1 {[%clk 1:09:04]} Qc7
{[%clk 1:07:35]} 11. c4 {[%clk 1:09:00]} Re8 {[%clk 1:03:36]} 12. b3
{[%clk 0:51:08]} b6 {[%clk 1:03:38]} 13. Bb2 {[%clk 0:51:31]} Bb7
{[%clk 1:03:35]} 14. Ne5 {[%clk 0:51:15]} Rad8 {[%clk 1:02:21]} 15. Nxd7
{[%clk 0:39:28]} Rxd7 {[%clk 1:02:22]} 16. d5 {[%clk 0:38:52]} Kf8
{[%clk 0:48:49]} 17. Re1 {[%clk 0:31:18]} Qd8 {[%clk 0:44:21]} 18. Nh5
{[%clk 0:28:41]} exd5 {[%clk 0:41:06]} 19. cxd5 {[%clk 0:26:36]} Rxd5
{[%clk 0:40:00]} 20. Bb5 {[%clk 0:13:50]} Nxh5 {[%clk 0:38:47]} 21. Bxe8
{[%clk 0:14:11]} Qxe8 {[%clk 0:33:01]} 22. Rad1 {[%clk 0:13:50]} Rxd1
{[%clk 0:31:54]} 23. Rxd1 {[%clk 0:14:15]} Qc6 {[%clk 0:31:38]} 24. f3
{[%clk 0:14:38]} Bf6 {[%clk 0:15:26]} 25. Bxf6 {[%clk 0:11:37]} Nxf6
{[%clk 0:15:50]} 26. Qe5 {[%clk 0:09:26]} Ne8 {[%clk 0:12:52]} 27. h4
{[%clk 0:09:18]} a6 {[%clk 0:10:00]} 28. h5 {[%clk 0:08:38]} h6 {[%clk 0:09:25]}
29. Re1 {[%clk 0:04:57]} Qd7 {[%clk 0:09:44]} 30. Qb8 {[%clk 0:05:03]} Qd4+
{[%clk 0:10:02]} 31. Kf1 {[%clk 0:04:49]} Bc6 {[%clk 0:10:24]} 32. a4
{[%clk 0:04:57]} Qd3+ {[%clk 0:10:09]} 33. Kf2 {[%clk 0:04:55]} Qxb3
{[%clk 0:10:25]} 34. Kg3 {[%clk 0:00:47]} Qxa4 {[%clk 0:09:45]} 35. Qxb6
{[%clk 0:00:56]} Qb4 {[%clk 0:09:44]} 0-1

[Event "World Chess Olympiad 2018"]
[Site "Batumi"]
[Date "2018.10.05"]
[Round "11"]
[Board "2"]
[WhiteFideId "13503391"]
[White "Gurbanov Andrei"]
[BlackFideId "2260409"]
[Black "Aloma Vidal Robert"]
[Result "1/2-1/2"]
[LiveChessVersion "1.4.8"]
[BlackElo "2428"]
[WhiteElo "2305"]

1. d4 {[%clk 1:30:50]} Nf6 {[%clk 1:30:31]} 2. c4 {[%clk 1:31:12]} e6
{[%clk 1:27:30]} 3. Nf3 {[%clk 1:31:25]} d5 {[%clk 1:26:51]} 4. g3
{[%clk 1:30:22]} Bb4+ {[%clk 1:22:50]} 5. Bd2 {[%clk 1:30:38]} Be7
{[%clk 1:23:18]} 6. Bg2 {[%clk 1:31:02]} c6 {[%clk 1:23:41]} 7. Qc2
{[%clk 1:30:13]} Nbd7 {[%clk 1:24:06]} 8. O-O {[%clk 1:30:33]} O-O
{[%clk 1:24:07]} 9. Bf4 {[%clk 1:30:39]} b6 {[%clk 1:21:59]} 10. Nbd2
{[%clk 1:27:07]} Bb7 {[%clk 1:21:55]} 11. Rfd1 {[%clk 1:25:21]} Nh5
{[%clk 1:14:23]} 12. cxd5 {[%clk 1:18:54]} cxd5 {[%clk 1:11:00]} 13. Bc7
{[%clk 1:18:55]} Qe8 {[%clk 1:10:25]} 14. Rac1 {[%clk 1:18:58]} Rc8
{[%clk 1:10:29]} 15. Qa4 {[%clk 1:18:31]} a6 {[%clk 1:08:01]} 16. Qb3
{[%clk 1:17:23]} b5 {[%clk 1:08:24]} 17. Rc2 {[%clk 1:09:04]} Nc5
{[%clk 1:04:22]} 18. Qe3 {[%clk 1:02:05]} Qd7 {[%clk 0:51:33]} 19. Rdc1
{[%clk 0:53:07]} Qxc7 {[%clk 0:49:37]} 20. Nb3 {[%clk 0:50:01]} Nf6
{[%clk 0:43:35]} 21. Ne5 {[%clk 0:47:32]} Nfd7 {[%clk 0:29:51]} 22. Nd3
{[%clk 0:42:53]} Nb6 {[%clk 0:17:54]} 23. Nbxc5 {[%clk 0:41:11]} Nc4
{[%clk 0:18:16]} 24. Qf4 {[%clk 0:36:45]} Bd6 {[%clk 0:17:22]} 25. Qh4
{[%clk 0:36:23]} Rfe8 {[%clk 0:14:07]} 26. Qg4 {[%clk 0:34:14]} Qe7
{[%clk 0:13:43]} 27. Bh3 {[%clk 0:31:48]} f5 {[%clk 0:12:22]} 28. Qf3
{[%clk 0:30:53]} g6 {[%clk 0:10:46]} 29. Nxb7 {[%clk 0:29:33]} Qxb7
{[%clk 0:10:54]} 30. b3 {[%clk 0:29:15]} Nb6 {[%clk 0:09:34]} 1/2-1/2

[Event "World Chess Olympiad 2018"]
[Site "Batumi"]
[Date "2018.10.05"]
[Round "11"]
[Board "3"]
[WhiteFideId "6900020"]
[White "Garcia Paolicchi Raul"]
[BlackFideId "4118464"]
[Black "Scerbin Dmitrij"]
[Result "0-1"]
[LiveChessVersion "1.4.8"]
[BlackElo "2264"]
[WhiteElo "2176"]

1. d4 {[%clk 1:30:57]} d5 {[%clk 1:30:48]} 2. Nf3 {[%clk 1:31:16]} c6
{[%clk 1:30:42]} 3. e3 {[%clk 1:30:54]} Bf5 {[%clk 1:29:05]} 4. Bd3
{[%clk 1:30:32]} Bg6 {[%clk 1:24:52]} 5. O-O {[%clk 1:26:06]} Nd7
{[%clk 1:23:26]} 6. b3 {[%clk 1:23:02]} e6 {[%clk 1:21:20]} 7. Bb2
{[%clk 1:19:18]} Ngf6 {[%clk 1:15:36]} 8. Qe2 {[%clk 1:18:11]} Ne4
{[%clk 1:12:14]} 9. Nbd2 {[%clk 1:17:05]} f5 {[%clk 1:10:03]} 10. c4
{[%clk 1:13:32]} Bh5 {[%clk 1:08:15]} 11. a3 {[%clk 1:06:56]} Bd6
{[%clk 1:07:17]} 12. Qe1 {[%clk 1:05:40]} O-O {[%clk 0:55:22]} 13. g3
{[%clk 0:53:08]} Qf6 {[%clk 0:53:18]} 14. Nh4 {[%clk 0:47:20]} Qh6
{[%clk 0:45:23]} 15. f3 {[%clk 0:38:00]} Nxd2 {[%clk 0:40:55]} 16. Qxd2
{[%clk 0:38:17]} Rae8 {[%clk 0:40:46]} 17. f4 {[%clk 0:34:28]} Nf6
{[%clk 0:36:45]} 18. Be2 {[%clk 0:31:54]} Ne4 {[%clk 0:35:35]} 19. Qd1
{[%clk 0:31:44]} Bxe2 {[%clk 0:35:42]} 20. Qxe2 {[%clk 0:32:08]} g5
{[%clk 0:35:36]} 21. Nf3 {[%clk 0:29:51]} gxf4 {[%clk 0:34:46]} 22. exf4
{[%clk 0:28:52]} Kh8 {[%clk 0:32:59]} 23. Nd2 {[%clk 0:22:22]} Rg8
{[%clk 0:31:54]} 24. Nxe4 {[%clk 0:22:03]} fxe4 {[%clk 0:32:21]} 25. Bc1
{[%clk 0:21:11]} Ref8 {[%clk 0:30:06]} 26. Qg2 {[%clk 0:16:09]} Rg4
{[%clk 0:25:06]} 27. Ra2 {[%clk 0:15:23]} Qg7 {[%clk 0:23:11]} 28. Be3
{[%clk 0:13:49]} h5 {[%clk 0:21:41]} 29. Qh3 {[%clk 0:14:04]} Rf5
{[%clk 0:20:01]} 30. Rg2 {[%clk 0:12:39]} Bxa3 {[%clk 0:16:18]} 31. Ra1
{[%clk 0:12:57]} Bb4 {[%clk 0:16:31]} 32. Rxa7 {[%clk 0:12:57]} Bc3
{[%clk 0:16:45]} 33. Kh1 {[%clk 0:10:43]} Bxd4 {[%clk 0:14:34]} 34. Bxd4
{[%clk 0:10:27]} Qxd4 {[%clk 0:15:02]} 35. Rxb7 {[%clk 0:10:56]} e3
{[%clk 0:05:25]} 36. Rb8+ {[%clk 0:07:00]} Kh7 {[%clk 0:05:07]} 37. Ra8
{[%clk 0:07:12]} e2 {[%clk 0:03:48]} 38. Rg1 {[%clk 0:07:01]} Qe4+
{[%clk 0:04:00]} 0-1

[Event "World Chess Olympiad 2018"]
[Site "Batumi"]
[Date "2018.10.05"]
[Round "11"]
[Board "4"]
[WhiteFideId "24194662"]
[White "Tersinsev Andrey"]
[BlackFideId "2274477"]
[Black "Luke Brezmes Cristofer"]
[Result "1/2-1/2"]
[LiveChessVersion "1.4.8"]
[BlackElo "2124"]
[WhiteElo "2194"]

1. d4 {[%clk 1:30:53]} e6 {[%clk 1:30:47]} 2. e4 {[%clk 1:31:11]} d5
{[%clk 1:31:08]} 3. Nc3 {[%clk 1:31:26]} Bb4 {[%clk 1:29:49]} 4. e5
{[%clk 1:31:44]} c5 {[%clk 1:28:53]} 5. a3 {[%clk 1:32:04]} Bxc3+
{[%clk 1:28:21]} 6. bxc3 {[%clk 1:32:31]} Qc7 {[%clk 1:28:33]} 7. Qg4
{[%clk 1:29:06]} Ne7 {[%clk 1:27:37]} 8. Bd2 {[%clk 1:23:31]} Nbc6
{[%clk 1:23:46]} 9. Nf3 {[%clk 1:20:14]} Bd7 {[%clk 1:17:25]} 10. Qxg7
{[%clk 1:16:22]} Rg8 {[%clk 1:16:41]} 11. Qxh7 {[%clk 1:16:28]} O-O-O
{[%clk 1:14:55]} 12. Qd3 {[%clk 0:57:12]} Nf5 {[%clk 1:00:36]} 13. Bg5
{[%clk 0:55:48]} cxd4 {[%clk 0:44:15]} 14. Bxd8 {[%clk 0:54:21]} Kxd8
{[%clk 0:44:26]} 15. O-O-O {[%clk 0:37:51]} Nxe5 {[%clk 0:35:43]} 16. Nxe5
{[%clk 0:37:57]} Qxe5 {[%clk 0:35:56]} 17. cxd4 {[%clk 0:37:43]} Qc7
{[%clk 0:33:31]} 18. Kb2 {[%clk 0:31:00]} Ba4 {[%clk 0:25:02]} 19. Qc3
{[%clk 0:30:25]} Qb6+ {[%clk 0:23:55]} 20. Qb4 {[%clk 0:30:09]} Qc6
{[%clk 0:22:14]} 21. Qc5 {[%clk 0:28:08]} Nxd4 {[%clk 0:15:41]} 22. Qxc6
{[%clk 0:28:24]} Nxc6 {[%clk 0:16:09]} 23. h4 {[%clk 0:28:29]} Ke7
{[%clk 0:15:59]} 24. h5 {[%clk 0:28:44]} Ne5 {[%clk 0:15:16]} 25. Be2
{[%clk 0:21:39]} Rxg2 {[%clk 0:10:55]} 26. h6 {[%clk 0:21:58]} Rg8
{[%clk 0:09:05]} 27. Rdg1 {[%clk 0:17:36]} Ng6 {[%clk 0:09:22]} 28. Bd3
{[%clk 0:16:56]} Kf6 {[%clk 0:09:36]} 29. Rh3 {[%clk 0:15:14]} Be8
{[%clk 0:08:25]} 30. Kc3 {[%clk 0:10:49]} Rh8 {[%clk 0:07:42]} 31. Rhh1
{[%clk 0:09:36]} Ne5 {[%clk 0:05:34]} 32. f4 {[%clk 0:05:32]} Ng6
{[%clk 0:04:52]} 33. f5 {[%clk 0:04:32]} exf5 {[%clk 0:04:28]} 34. Rh5
{[%clk 0:04:30]} Bd7 {[%clk 0:03:06]} 35. Rgg5 {[%clk 0:04:26]} Ne7
{[%clk 0:02:45]} 36. Kd4 {[%clk 0:04:28]} Be6 {[%clk 0:03:05]} 37. Rg1
{[%clk 0:04:16]} Nc6+ {[%clk 0:02:05]} 38. Ke3 {[%clk 0:04:04]} Ne5
{[%clk 0:01:40]} 39. Kf4 {[%clk 0:03:57]} Ng6+ {[%clk 0:01:48]} 40. Kf3
{[%clk 0:33:59]} Ne5+ {[%clk 0:30:49]} 41. Kf4 {[%clk 0:31:47]} Ng6+
{[%clk 0:23:12]} 42. Ke3 {[%clk 0:32:05]} Ne5 {[%clk 0:20:03]} 43. h7
{[%clk 0:27:33]} d4+ {[%clk 0:19:15]} 44. Ke2 {[%clk 0:26:04]} Ng6
{[%clk 0:19:12]} 45. Rf1 {[%clk 0:25:25]} Ne7 {[%clk 0:16:08]} 46. Rh4
{[%clk 0:22:44]} Ng6 {[%clk 0:15:44]} 47. Rh5 {[%clk 0:22:12]} Ne7
{[%clk 0:15:46]} 48. Kd2 {[%clk 0:22:17]} Kg6 {[%clk 0:11:37]} 49. Rh2
{[%clk 0:20:09]} Kg7 {[%clk 0:11:41]} 50. Rg1+ {[%clk 0:17:53]} Ng6
{[%clk 0:11:46]} 51. Rg5 {[%clk 0:17:21]} Rxh7 {[%clk 0:07:19]} 52. Rxh7+
{[%clk 0:17:21]} Kxh7 {[%clk 0:07:43]} 53. Bxf5 {[%clk 0:17:33]} Bc4
{[%clk 0:06:47]} 54. Rg4 {[%clk 0:17:19]} Kg7 {[%clk 0:06:47]} 55. Bxg6
{[%clk 0:17:33]} fxg6 {[%clk 0:06:59]} 56. Rxd4 {[%clk 0:17:48]} Bb5
{[%clk 0:07:10]} 57. Ke3 {[%clk 0:17:16]} Bc6 {[%clk 0:07:19]} 58. Kf4
{[%clk 0:17:32]} Kh6 {[%clk 0:07:14]} 59. Rd2 {[%clk 0:17:46]} a6
{[%clk 0:06:06]} 60. Rh2+ {[%clk 0:18:04]} Kg7 {[%clk 0:06:27]} 61. Kg5
{[%clk 0:18:22]} Kf7 {[%clk 0:05:31]} 62. Re2 {[%clk 0:17:47]} Bb5
{[%clk 0:04:54]} 63. Re3 {[%clk 0:17:56]} Ba4 {[%clk 0:05:08]} 64. c3
{[%clk 0:17:37]} Bc2 {[%clk 0:04:35]} 65. Re1 {[%clk 0:15:58]} Bd3
{[%clk 0:04:21]} 66. Rd1 {[%clk 0:16:13]} Bf5 {[%clk 0:04:40]} 67. c4
{[%clk 0:14:52]} Ke7 {[%clk 0:04:41]} 68. c5 {[%clk 0:15:09]} Kf7
{[%clk 0:03:34]} 69. Rd6 {[%clk 0:13:51]} Ke7 {[%clk 0:02:27]} 70. Kf4
{[%clk 0:14:02]} Bd7 {[%clk 0:00:41]} 71. Rxg6 {[%clk 0:13:43]} Kd8
{[%clk 0:00:53]} 72. Ke5 {[%clk 0:14:00]} Kc7 {[%clk 0:01:12]} 73. Kd5
{[%clk 0:13:52]} Ba4 {[%clk 0:00:32]} 74. Rg7+ {[%clk 0:13:56]} Kb8
{[%clk 0:00:58]} 75. Kd6 {[%clk 0:13:40]} Bc6 {[%clk 0:00:45]} 76. Ke5
{[%clk 0:11:19]} Ba4 {[%clk 0:00:33]} 77. Rg6 {[%clk 0:11:09]} Kc7
{[%clk 0:00:44]} 78. Kd5 {[%clk 0:11:21]} Bb3+ {[%clk 0:00:53]} 79. Kd4
{[%clk 0:11:36]} Bc2 {[%clk 0:01:10]} 80. Rg7+ {[%clk 0:11:28]} Kc6
{[%clk 0:01:29]} 81. Rf7 {[%clk 0:10:18]} Bd1 {[%clk 0:01:15]} 82. Rf6+
{[%clk 0:10:25]} Kc7 {[%clk 0:01:35]} 83. Rf7+ {[%clk 0:10:30]} Kc6
{[%clk 0:01:51]} 84. Rf4 {[%clk 0:07:52]} Be2 {[%clk 0:01:20]} 85. a4
{[%clk 0:07:12]} a5 {[%clk 0:01:07]} 86. Rf6+ {[%clk 0:07:03]} Kc7
{[%clk 0:01:28]} 87. Kd5 {[%clk 0:04:13]} Bd1 {[%clk 0:00:53]} 88. Rf7+
{[%clk 0:04:31]} Kb8 {[%clk 0:01:12]} 89. Rf4 {[%clk 0:04:44]} Kc7
{[%clk 0:01:33]} 90. c6 {[%clk 0:03:28]} bxc6+ {[%clk 0:01:25]} 91. Kc5
{[%clk 0:03:44]} Kb7 {[%clk 0:00:39]} 92. Rh4 {[%clk 0:01:49]} Bc2
{[%clk 0:00:50]} 93. Rg4 {[%clk 0:01:46]} Bd1 {[%clk 0:01:07]} 94. Rg7+
{[%clk 0:01:43]} Ka6 {[%clk 0:01:27]} 95. Kxc6 {[%clk 0:01:47]} Bxa4+
{[%clk 0:01:46]} 96. Kc5 {[%clk 0:02:09]} Bc2 {[%clk 0:01:18]} 97. Rg2
{[%clk 0:02:04]} Bb3 {[%clk 0:01:16]} 98. Rg6+ {[%clk 0:02:23]} Ka7
{[%clk 0:01:31]} 99. Kb5 {[%clk 0:02:38]} a4 {[%clk 0:01:43]} 100. Rg7+
{[%clk 0:02:55]} Kb8 {[%clk 0:02:06]} 1/2-1/2